Návrh opatrení na zdokonalenie systému riadenia ľudských zdrojov v ZTS TEES, a. s., Martin : Diplomová práca

Enregistré dans:
Détails bibliographiques
Auteur principal: Šinalová, Marianna (Auteur)
Autres auteurs: Štrpka, Alexander, 1938- (xxx)
Format: Manuscrit Livre
Langue:slovaque
Publié: Trnava : STU v Bratislave MtF KMK, 1998
Sujets:
Tags: Ajouter un tag
Pas de tags, Soyez le premier à ajouter un tag!

MARC

LEADER 00000ntm a22000003a 4500
001 stu74957
005 20160719155058.0
008 020312s1998----xo------------------slo-d
040 |a STU  |b slo 
041 0 |a slo 
044 |a xo 
100 1 |a Šinalová, Marianna  |4 aut 
245 1 |a Návrh opatrení na zdokonalenie systému riadenia ľudských zdrojov v ZTS TEES, a. s., Martin :  |b Diplomová práca 
260 |a Trnava :  |b STU v Bratislave MtF KMK,  |c 1998 
300 |a 88 s  |c abstr. 
650 7 |a manažment personálny  |2 stusub 
650 7 |a manažment priemyselných podnikov  |2 stusub 
700 1 |a Štrpka, Alexander,  |d 1938-  |4 xxx  |u M190  |U MTF Materiálovotechnologická fakulta  |T MTF Katedra priemyselného inžinierstva a manažmentu  |X 1490  |U M190  |Y 167  |7 A000001490 
996 |b 284M041869  |c M*DP-1049  |l MMSKP  |s P  |a 0  |w stu74957_0001